| 000 | 00850cab a2200241 4500 | ||
|---|---|---|---|
| 001 | WB3415-44 | ||
| 008 | 090401t1998 xxu||||| |||| 00| 0 eng d | ||
| 035 | _a(Sirsi) u85732 | ||
| 041 | _aeng | ||
| 245 | _aResidential land prices | ||
| 260 | _c1998 | ||
| 350 | _a0 | ||
| 490 |
_aProperty Week _v62(14) 17 April 1998, 16(1) |
||
| 520 | _aFPD Savills "Residential Research Bulletin" shows that residential land prices will rise 15% this year, compared with 18% last year. The bulletin predicts a high demand and low supply of land, unless brownfield sites become cost effective. | ||
| 650 | _aBROWNFIELD SITES | ||
| 650 | _aFORECASTS | ||
| 650 | _aHOUSE BUILDING LAND | ||
| 650 | _aLAND PRICES | ||
| 650 | _aRESIDENTIAL LAND | ||
| 690 | _aPROPERTY-RESIDENTIAL PROPERTY-RESIDENTIAL PROPERTY MARKET | ||
| 942 | _n0 | ||
| 948 | _c22/04/1998 | ||
| 999 |
_c53934 _d53934 |
||